000 01121nam0a22002891 4500
001 rc\3389706
005 20200827161316.0
021 _aRU
_b[74-92104]
035 _a(NLR Aleph) 007538054
090 _a9740470
_c9740470
100 _a20130115d1974 |||y0rusy50 ca
101 0 _arus
102 _aRU
105 _ay z |||||
200 1 _aНекапиталистический путь развития
_e(Опыт филос.-социол. анализа)
_fПод ред. проф. Р.А. Ульяновского
210 _aМосква
_cПолитиздат
_d1974
215 _a192 с.
_d20
225 1 _aАктуальные проблемы исторического материализма
606 _aНекапиталистический путь развития
_2psbo
700 1 _aАндреев
_bИ. Л.
_cд-р филос. наук
_f1939-2017
_gИгорь Леонидович
_3RU\NLR\AUTH\770219981
702 1 _aУльяновский
_bР. А.
_4340
801 0 _aRU
_bNLR
_gpsbo
801 1 _aRU
_bELAR
_2rusmarc
852 _aNLR
_j74-3/5301
942 _cBOOK
980 _aNB